Open Data Biblioteca Nacional de Portugal


República Portuguesa: Ministério da Cultura
Biblioteca Nacional de Portugal

Catálogo da BNP: acesso por Identificadores Unívocos
Registos Bibliográficos associados ao registo de autoridade

Etiqueta de registo: 00624cas 022002171 04500
001 64837
003 http://id.bnportugal.gov.pt/bib/catbnp/64837
005 19981117142000.0
095 ## $aPTBN00067127
100 ## $a19631001c1963 m y0pora0103 ba
101 0# $apor
102 ## $aPT
200 1# $aCova da Piedade$eboletim mensal do C.D.C.P.
207 #0 $aNº 1 (20 Abr. 1963)-nº 10 (Jan. 1964)
210 #9 $aCova da Piedade$cC.D.C.P.,$d1963-1964
215 ## $a32 cm
675 ## $a796/799(05)$vmed$zpor$3289218
712 02 $aClube Desportivo da Cova da Piedade$4650$3311882
801 #0 $aPT$bBN$gRPC
966 ## $lBN$mFGJOR$sJ. 825 P.
998 ## $aCR047 - 00370

Etiqueta de registo: 00000nam 2200025 450
001 2024283
003 http://id.bnportugal.gov.pt/bib/catbnp/2024283
010 ## $a978-989-20-9478-6
021 ## $aPT$b455484/19
100 ## $a20190619d2019 m y0pory01030103ba
101 0# $apor
102 ## $aPT
105 ## $aa z 000yy
106 ## $ar
200 1# $aEscolas do Clube Desportivo da Cova da Piedade$e50 anos ao serviço do ensino popular e da democracia$fcoletivo das escolas do Clube Desportivo da Cova da Piedade
205 ## $a1ª ed
210 #9 $aCova da Piedade$cEscolas do Clube Desportivo da Cova da Piedade,$d2019
215 ## $a295 p.$cil.$d31cm
675 ## $a061.2(469.412)(091)$vBN$zpor$31034789
675 ## $a796(469.412)(091)$vBN$zpor$31509781
710 02 $aClube Desportivo da Cova da Piedade$3311882
801 #0 $aPT$bBN$gRPC
856 41 $uhttp://rnod.bnportugal.gov.pt/ImagesBN/winlibimg.aspx?skey=&doc=2024283&img=127407&save=true
900 ## $aBIBNAC$d20190725
966 ## $lBN$mFGMON$sP. 4952 A.$x1
966 ## $lBN$mFGMON$sP. 4952 A.-D$x1

Etiqueta de registo: 00254nam 2200025 450
001 2113270
003 http://id.bnportugal.gov.pt/bib/catbnp/2113270
010 ## $a978-989-33-3862-9
021 ## $aPT$b505818/22
100 ## $a20221025d2022 m y0pory01030103ba
101 0# $apor
102 ## $aPT
105 ## $aa z 000yy
106 ## $ar
200 1# $aTrabalhar, viver e conviver$fcoord. Clube Desportivo da Cova da Piedade$gAdelino Cardoso... [et al.]
210 #9 $a[S.l.,$cs.n.],$d2022$g(Tipografia Lobão)
215 ## $a56 p.$cil.$d22 cm
675 ## $a061.23(469.412)(091)$vBN$zpor$31509780
702 #1 $93$aCardoso,$bAdelino$4070$31862175
712 02 $aClube Desportivo da Cova da Piedade$4340$3311882
801 #0 $aPT$bBN$gRPC
856 41 $uhttp://rnod.bnportugal.gov.pt/ImagesBN/winlibimg.aspx?skey=&doc=2113270&img=170884&save=true
900 ## $aBIBNAC$d20221216
966 ## $lBN$mFGMON$sP. 61268 V.$x1
966 ## $lBN$mFGMON$sP. 61268 V.-D$x1
971 ## $carosa$d20221025
972 ## $e0$z0$d20221216$viquintas
973 ## $csteixeira$d20221102

Etiqueta de registo: 00000nkm 2200025 450
001 2274497
003 http://id.bnportugal.gov.pt/bib/catbnp/2274497
100 ## $a20260302d1988 m y0pory01030103ba
101 0# $apor
102 ## $aPT
200 1# $aDesporto, Parque "Silva Nunes", dia 19 de março de 1988$bVisual gráfico]$fClube Desportivo da Cova da Piedade e Junta de Freguesia da Cova da Piedade
210 #9 $aAlmada$cClube Desportivo da Cova da Piedade,$d1988
215 ## $a1 cartaz$cp&b.$d41,9x29,7 cm
317 ## $aColeção Madeira Luís
710 02 $aClube Desportivo da Cova da Piedade$3311882
711 01 $aAlmada.$bJunta de Freguesia da Cova da Piedade$3277477
801 #0 $aPT$bBN$gRPC
966 ## $lBN$mICONOG$sCT. 15257 V.$x3
971 ## $cCaticonografia5$d20260302
995 ## $aPRR2026

OpendataBNP@bnportugal.pt | Mais informação sobre acesso aos dados BNP